| 000 | 00398nam a2200109Ia 4500 | ||
|---|---|---|---|
| 008 | 180323s9999 xx 000 0 und d | ||
| 020 | _a971879753 | ||
| 100 | _aLee, Emeteria P. | ||
| 245 |
_aEdukasyon : _btoward the rationalization of research on higher education: a survey of higher research in the philippines (1975-1996) |
||
| 260 |
_aQuezon City: _b1997 _cUP diliman Pub |
||
| 300 | _aiii, 89 pages | ||
| 999 |
_c356353 _d356353 |
||